[Event "Tournoi n27379"]
[Site "www.echecsemail.com"]
[Date "2026.01.12"]
[Round "1"]
[White "Voyageur"]
[Black "Wenoketo"]
[WhiteElo "1610"]
[BlackElo "1650"]
[Result "1-0"]
1.d4 d5
2.c4 dxc4
3.e3 Ng8f6
4.Bf1xc4 Bc8f5
5.Nb1c3 Nb8d7
6.Qd1f3 Bf5g6
7.Qf3xb7 e6
8.Ng1f3 Bf8d6
9.O-O O-O
10.b3 Nd7b6
11.Qb7c6 Bd6b4
12.Bc1b2 Bb4xc3
13.Bb2xc3 Nb6xc4
14.Qc6xc4 Nf6d5
15.Nf3e5 Qd8d6
16.Ne5xg6 hxg6
17.Bc3b2 Kh7
18.Ra1c1 Rf8h8
19.a3 Kg8
20.g3 Ra8c8
21.b4 Kh7
22.Rc1c2 Nd5b6
23.Qc4c5 Qd6xc5
24.Rc2xc5 Nb6a4
25.Rc5c2 Na4xb2
26.Rc2xb2 Rh8d8
27.Rb2c2 Rd8d6
28.Rf1c1 Rd6a6
29.Rc2a2 Kg8
30.b5 Ra6b6
31.a4 Kf8
32.Kf1 Ke7
33.Ra2c2 Kd7
34.Ke2 f6
35.Kd3 f5
36.f3 Rb6d6
37.Rc2c4 e5
38.Rc1c2 exd4
39.Rc4xd4 Rd6xd4
40.Kxd4 Ke6
41.Rc2c6 Kf7
42.Ke5 Rc8e8
43.Kf4 Re8e7
44.Rc6a6 { abandon }1-0

[Event "Coupe Niveau 4"]
[Site "www.echecsemail.com"]
[Date "2026.01.12"]
[Round "1"]
[White "Domenico"]
[Black "Carrighir"]
[WhiteElo "1720"]
[BlackElo "2110"]
[Result "0-1"]
1.e4 c5
2.Bf1c4 d6
3.Ng1f3 Ng8f6
4.d3 e6
5.O-O Bf8e7
6.Nb1c3 Nb8c6
7.Bc1e3 O-O
8.a3 d5
9.exd5 exd5
10.Nc3xd5 Nf6xd5
11.d4 cxd4
12.Be3xd4 Nc6xd4
13.Nf3xd4 Nd5b6
14.Bc4a2 Be7f6
15.c3 a6
16.Qd1f3 Bf6xd4
17.cxd4 Qd8xd4
18.Ra1d1 Qd4f6
19.Qf3b3 Bc8g4
20.Rd1d3 Bg4e2
21.Rd3e3 Be2xf1
22.Kxf1 Ra8c8
23.Re3e1 a5
24.h4 a4
25.Qb3b4 Rc8c2
26.f3 Rc2xb2
27.Qb4c5 Rb2xa2
{ abandon }0-1

[Event "Tournoi n27388"]
[Site "www.echecsemail.com"]
[Date "2026.01.12"]
[Round "1"]
[White "Alain64"]
[Black "Carrighir"]
[WhiteElo "2060"]
[BlackElo "2120"]
[Result "1-0"]
1.c4 Ng8f6
2.Nb1c3 e5
3.e3 c5
4.d3 Bf8e7
5.Ng1f3 d6
6.Bf1e2 O-O
7.O-O Nb8c6
8.a3 h6
9.Qd1c2 Bc8f5
10.Ra1b1 Ra8c8
11.b4 cxb4
12.axb4 d5
13.b5 Nc6b4
14.Qc2d2 dxc4
15.e4 cxd3
16.exf5 dxe2
17.Nc3xe2 Qd8b6
18.Rb1xb4 Rf8d8
19.Qd2b2 Be7xb4
20.Qb2xb4 e4
21.Nf3d4 a5
22.Qb4b2 Nf6d5
23.Bc1e3 Nd5xe3
24.fxe3 Rc8c4
25.Ne2g3 Rd8e8
26.f6 gxf6
27.Qb2e2 Rc4c5
28.Ng3f5 { abandon }1-0

[Event "Défi( 10J+24H/c 10J Max )"]
[Site "www.echecsemail.com"]
[Date "2026.01.12"]
[Round "1"]
[White "Tunnellavage"]
[Black "Chevalice"]
[WhiteElo "1750"]
[BlackElo "1690"]
[Result "0-1"]
1.e4 e5
2.Ng1f3 d6
3.Bf1c4 h6
4.d3 Ng8f6
5.Nb1c3 c6
6.a3 Bf8e7
7.h3 O-O
8.O-O b5
9.Bc4a2 a5
10.Kh2 Nb8a6
11.Qd1e1 Kh8
12.Nc3e2 Na6c7
13.Ne2g3 Nc7e6
14.Ng3f5 c5
15.c3 Nf6h5
16.Ba2d5 Ne6f4
17.Qe1d1 Kh7
18.g4 Nh5f6
19.Bd5xa8 Bc8xf5
20.gxf5 Qd8xa8
21.Bc1xf4 exf4
22.Kg2 g5
23.Nf3h2 Rf8g8
24.Nh2g4 h5
25.Ng4xf6 Be7xf6
26.Qd1xh5 Kg7
27.Rf1h1 Rg8h8
28.Qh5g4 Rh8h4
29.Qg4e2 Bf6e5
30.f3 Qa8a7
31.Ra1d1 b4
32.axb4 cxb4
33.d4 Be5f6
34.e5 dxe5
35.dxe5 Bf6d8
36.Rd1xd8 bxc3
37.bxc3 Qa7c7
38.Rd8a8 Qc7xc3
39.e6 fxe6
40.fxe6 Qc3c6
41.Ra8xa5 Rh4h8
42.e7 Rh8e8
43.Ra5xg5 Kf7
44.Rg5f5 Kg8
45.Rh1d1 Qc6g6
46.Kf1 Qg6xf5
47.Qe2c4 Kg7
48.Kf2 Re8xe7
49.Rd1g1 Kf6
50.Qc4d4 Kf7
51.Qd4g7 Ke8
52.Qg7h8 Kd7
53.Rg1d1 Ke6
54.Rd1e1 Kd7
55.Qh8d4 Ke8
56.Qd4h8 Kf7
57.Re1xe7 Kxe7
58.Qh8g7 Ke6
59.Qg7g4 Kf6
60.Qg4xf5 Kxf5
61.h4 Kf6
62.Kg2 Kg6
63.Kf2 Kh5
64.Ke2 Kxh4
{ abandon }0-1

[Event "Défi( 10J+24H/c 10J Max )"]
[Site "www.echecsemail.com"]
[Date "2026.01.12"]
[Round "1"]
[White "Minon"]
[Black "Poison"]
[WhiteElo "1940"]
[BlackElo "1110"]
[Result "1-0"]
1.e4 e5
2.Ng1f3 Ng8f6
3.Nb1c3 Bf8b4
4.d4 Bb4xc3
5.bxc3 d6
6.dxe5 Bc8g4
7.exf6 Qd8xf6
8.Qd1d3 Bg4xf3
9.Qd3xf3 Qf6xf3
10.gxf3 Nb8c6
11.Bc1e3 Nc6e5
12.Bf1g2 Ne5c4
13.Ra1b1 O-O
14.Rb1xb7 f6
15.Rb7xc7 Ra8b8
16.O-O Rb8b2
17.Rc7xc4 Rb2xa2
18.Rc4d4 Ra2xc2
19.Rd4xd6 Rc2xc3
20.Be3xa7 Rf8a8
21.Rd6d7 Rc3a3
22.Ba7e3 Ra3a6
23.f4 Ra6e6
24.e5 fxe5
25.Bg2xa8 exf4
26.Ba8d5 fxe3
27.Bd5xe6 Kf8
28.fxe3 Ke8
29.Rf1a1 g6
30.Ra1a8 1-0

[Event "Tournoi n27318"]
[Site "www.echecsemail.com"]
[Date "2026.01.12"]
[Round "1"]
[White "Jazzzz"]
[Black "Titi050"]
[WhiteElo "1970"]
[BlackElo "1790"]
[Result "1/2-1/2"]
1.e4 e6
2.d4 d5
3.e5 c5
4.c3 Nb8c6
5.Ng1f3 Qd8b6
6.Qd1b3 cxd4
7.Qb3xb6 axb6
8.cxd4 Nc6b4
9.Kd2 Ra8xa2
10.Ra1xa2 Nb4xa2
11.Nf3g5 Na2b4
12.Bf1b5 Ke7
13.b3 Ng8h6
14.Bc1a3 Kd8
15.Kc3 Nb4c6
16.Ba3xf8 Rh8xf8
17.Ng5xh7 Rf8h8
18.Nh7g5 Bc8d7
19.Nb1d2 Nc6xe5
20.Bb5xd7 Ne5xd7
21.Rh1a1 Ke7
22.h3 Rh8c8
23.Kd3 Nh6f5
24.Ra1a7 Rc8c7
25.Nd2b1 f6
26.Ng5f3 Nf5d6
27.Nb1c3 Rc7xc3
28.Kxc3 Nd6b5
29.Kd3 Nb5xa7
30.g4 Na7c6
31.g5 Nc6a5
32.b4 Na5c4
33.gxf6 Kxf6
34.Nf3e1 e5
35.dxe5 Nd7xe5
36.Kd4 Nc4d2
37.Kxd5 Ne5f3
38.Ne1xf3 Nd2xf3
39.Kd6 Nf3e5
40.Kc7 Ne5c6
41.b5 Nc6d4
42.Kxb6 Kf5
43.Kc5 Ke4
44.b6 Nd4b3
45.Kb4 Nb3d4
46.Kc5 Nd4e6
47.Kd6 Ne6d4
48.Kc7 Nd4b5
49.Kxb7 Kd5
50.Ka6 Nb5d6
51.b7 Nd6xb7
52.Kxb7 g5
53.Kb6 Ke4
54.Kc5 Kf3
55.Kd4 Kxf2
56.Ke4 Kg3
57.Kf5 Kxh3
58.Kxg5 1/2-1/2

[Event "Tournoi n27314"]
[Site "www.echecsemail.com"]
[Date "2026.01.13"]
[Round "1"]
[White "Patau"]
[Black "Uliczny"]
[WhiteElo "1700"]
[BlackElo "1700"]
[Result "1-0"]
1.e4 e5
2.Ng1f3 Ng8f6
3.Nb1c3 Bf8b4
4.Nf3xe5 Bb4xc3
5.dxc3 d6
6.Ne5f3 Nf6xe4
7.Bf1d3 Ne4c5
8.Qd1e2 Qd8e7
9.Qe2xe7 Kxe7
10.O-O Nc5xd3
11.cxd3 Rh8e8
12.Bc1g5 f6
13.Rf1e1 Kf7
14.Bg5f4 Bc8g4
15.Re1xe8 Kxe8
16.Ra1e1 Kf7
17.h3 Bg4xf3
18.gxf3 Nb8c6
19.d4 Ra8e8
20.Re1xe8 Kxe8
21.d5  { temps }1-0

[Event "XERTIGNY  VOSGES"]
[Site "www.echecsemail.com"]
[Date "2026.01.13"]
[Round "1"]
[White "Rachess"]
[Black "Casisimed"]
[WhiteElo "1560"]
[BlackElo "1620"]
[Result "0-1"]
1.e4 e5
2.Ng1f3 Ng8f6
3.Bf1c4 Bf8c5
4.d3 d6
5.Bc1g5 Bc8g4
6.h3 Bg4h5
7.Nb1c3 Nb8d7
 { temps }0-1

[Event "Défi"]
[Site "www.echecsemail.com"]
[Date "2026.01.13"]
[Round "1"]
[White "Castor"]
[Black "Jipepe"]
[WhiteElo "1360"]
[BlackElo "1540"]
[Result "1-0"]
1.d4 d5
2.c4 Ng8f6
3.Nb1c3 c6
4.b3 e6
5.Bc1g5 Bf8e7
6.Ng1f3 O-O
7.h4 Nf6e4
8.Bg5f4 Ne4xc3
9.Qd1c2 Qd8a5
10.Bf4d2 dxc4
11.Bd2xc3 Be7b4
12.Nf3d2 Bb4xc3
13.Ra1d1 Nb8a6
14.e3 c5
15.Bf1xc4 b5
16.Bc4d3 b4
17.O-O cxd4
18.Bd3xh7 Kh8
19.Rd1a1 Bc3xa1
20.Rf1xa1 f5
21.Nd2f3 Kxh7
22.Nf3g5 Kg6
23.Ng5f3 Qa5c5
24.Qc2e2 Bc8b7
25.Qe2d1 dxe3
26.Qd1e2 exf2
27.Qe2xf2  { temps }1-0

[Event "Eq:Royal Kids-O fou d hello :"]
[Site "www.echecsemail.com"]
[Date "2026.01.13"]
[Round "1"]
[White "Daimyo"]
[Black "Uliczny"]
[WhiteElo "1360"]
[BlackElo "1700"]
[Result "1-0"]
1.e4 e5
2.Ng1f3 Ng8f6
3.d3 Nb8c6
4.c3 h6
5.Bf1e2 Bf8c5
6.Bc1e3 Bc5b6
7.Be3xb6 axb6
8.O-O O-O
9.Nb1d2 Rf8e8
10.Nf3h4  { temps }1-0

[Event "TRISTAN DA CUNHA"]
[Site "www.echecsemail.com"]
[Date "2026.01.13"]
[Round "1"]
[White "Orosco"]
[Black "Rachess"]
[WhiteElo "2270"]
[BlackElo "1550"]
[Result "0-1"]
1.e4 e5
2.Ng1f3 Nb8c6
3.Nb1c3 Ng8f6
4.Bf1c4 Nf6xe4
5.Nc3xe4 d5
6.Bc4d3 dxe4
7.Bd3xe4 Bf8d6
8.O-O Bc8g4
9.Be4xc6 bxc6
10.h3 Bg4h5
11.g4 Bh5g6
12.d4 e4
13.Nf3e5 Bd6xe5
14.dxe5 Qd8xd1
15.Rf1xd1 O-O
16.Rd1d7 Ra8d8
17.Rd7xc7 Rd8d1
18.Kh2 e3
19.fxe3 Bg6e4
20.Rc7xa7 g5
21.c4 Rf8d8
22.Ra7a3 Rd1h1
23.Kg3 Rd8d1
24.Ra3a8 Kg7
25.b3 Rd1g1
26.Kf2 Rg1g2
0-1

[Event "Tournoi n27314"]
[Site "www.echecsemail.com"]
[Date "2026.01.13"]
[Round "1"]
[White "Uliczny"]
[Black "Wenoketo"]
[WhiteElo "1700"]
[BlackElo "1650"]
[Result "0-1"]
1.e4 c6
2.d4 e6
3.Nb1c3 d5
4.exd5 cxd5
5.Bf1d3 Bf8b4
6.Bc1d2 Nb8c6
7.Ng1f3 Ng8e7
8.O-O Bb4xc3
9.Bd2xc3 Bc8d7
10.Rf1e1 O-O
11.Nf3g5 g6
12.Qd1f3 Ne7f5
13.Bd3xf5 exf5
14.Ng5h3 Bd7e6
15.Re1e2 Ra8c8
16.Ra1e1 Qd8d7
17.Nh3f4 Nc6d8
18.Nf4xe6 fxe6
19.a3 Nd8f7
 { temps }0-1

[Event "Coupe Niveau 1"]
[Site "www.echecsemail.com"]
[Date "2026.01.13"]
[Round "1"]
[White "Panchoa"]
[Black "4x4"]
[WhiteElo "1570"]
[BlackElo "1490"]
[Result "0-1"]
1.e4 e5
2.Ng1f3 d6
3.Bf1c4 Bc8e6
4.Bc4xe6 fxe6
5.O-O Nb8c6
6.Nb1c3 Qd8d7
7.d3 O-O-O
8.Bc1e3 Ng8f6
9.Nf3g5 h6
10.Ng5f3 Bf8e7
11.d4 exd4
12.Be3xd4 Nc6xd4
13.Qd1xd4 c5
14.Qd4c4 a6
15.Ra1d1 g5
16.e5 Nf6d5
17.Nf3d4 Kb8
18.Nd4b3 Nd5xc3
19.Nb3xc5 Qd7c6
20.Qc4xc3 Qc6xc5
21.Qc3b3 Qc5xe5
22.Rf1e1 Qe5f6
23.Re1xe6 Qf6f7
24.Rd1e1 Rh8f8
25.f3 Rd8d7
26.Re6xh6 Qf7xb3
27.axb3 Kc7
28.Rh6e6 Be7d8
29.Re1e4 b5
30.c4 Rf8f4
31.cxb5 axb5
32.b4 d5
33.Re4xf4 gxf4
34.Kf2 Rd7d6
35.Re6h6 Rd6xh6
{ abandon }0-1

[Event "Défi"]
[Site "www.echecsemail.com"]
[Date "2026.01.13"]
[Round "1"]
[White "Arno"]
[Black "Calcedoine"]
[WhiteElo "1770"]
[BlackElo "1830"]
[Result "1-0"]
1.d4 d5
2.Bc1f4 Ng8f6
3.e3 Nb8c6
4.Ng1f3 h6
5.c3 a6
6.Bf1d3 e6
7.Nb1d2 Bf8d6
8.Bf4g3 b5
9.Nf3e5 Nc6a5
10.f4 Bc8b7
11.O-O c5
12.f5 c4
13.Bd3c2 O-O
14.Qd1e2 Bb7c8
15.fxe6 Bc8xe6
16.Bg3h4 Bd6e7
17.e4 b4
18.cxb4 Na5b7
19.Ne5c6 Qd8d6
20.Nc6xe7 Qd6xe7
21.Bh4xf6 gxf6
22.exd5 Ra8d8
23.dxe6 fxe6
24.Nd2xc4 Rd8xd4
25.Nc4e3 Rf8a8
26.Ne3g4 Kf7
27.Ng4xh6 Ke8
28.Bc2g6 Kd7
29.Ra1d1 Rd4d6
30.Rd1xd6 Nb7xd6
31.Nh6g4 f5
32.Ng4e5 Kc7
33.Rf1c1 Kb7
34.Bg6h5 Qe7g5
35.Bh5f3 Kb8
36.Ne5d7 { abandon }1-0

[Event "Défi( 10J+24H/c 10J Max )"]
[Site "www.echecsemail.com"]
[Date "2026.01.13"]
[Round "1"]
[White "Poison"]
[Black "Minon"]
[WhiteElo "1110"]
[BlackElo "1940"]
[Result "0-1"]
1.e4 e5
2.d3 Ng8f6
3.Bc1g5 Bf8e7
4.Bg5xf6 Be7xf6
5.Ng1f3 O-O
6.Bf1e2 d6
7.O-O Bc8e6
8.Nb1c3 Nb8c6
9.Nc3d5 Nc6d4
10.Nf3xd4 exd4
11.Nd5xf6 Qd8xf6
12.Be2f3 Ra8d8
13.c3 dxc3
14.bxc3 Qf6xc3
15.Ra1b1 b6
16.Bf3h5 Qc3c5
17.Qd1d2 Qc5xh5
18.f3 Qh5g6
19.Qd2c2 Be6h3
20.Rf1f2 f5
21.exf5 Bh3xf5
22.Qc2xc7 Bf5xd3
23.Rb1d1 b5
24.Qc7xa7 d5
25.Rd1b1 Bd3xb1
26.a3 Rd8c8
27.Qa7a5 Rc8c1
28.Rf2f1 Rc1xf1
29.Kxf1 Qg6c6
30.Qa5b4 Qc6c4
31.Qb4xc4 dxc4
32.Ke1 Rf8d8
33.g3 c3
34.h3 c2
35.Kf2 c1Q
36.h4 Qc1c2
37.Ke3 Qc2d3
38.Kf4 Qd3f5
39.Ke3 Rd8d3
40.Kf2 Qf5xf3
41.Kg1 Qf3xg3
42.Kh1 Rd3d2
43.h5 Qg3g2
0-1

[Event "Coupe Niveau 1"]
[Site "www.echecsemail.com"]
[Date "2026.01.13"]
[Round "1"]
[White "Panchoa"]
[Black "4x4"]
[WhiteElo "1610"]
[BlackElo "1490"]
[Result "1-0"]
1.e4 e5
2.Ng1f3 d6
3.Nb1c3 Bc8g4
4.Bf1e2 Bg4xf3
5.Be2xf3 Nb8c6
6.O-O Ng8f6
7.d3 Qd8d7
8.Nc3d5 Nf6xd5
9.exd5 Nc6d4
10.Bf3e4 g6
11.Bc1g5 Bf8g7
12.c3 Nd4b5
13.a4 Nb5xc3
14.bxc3 f6
15.Bg5e3 O-O-O
16.Be3xa7 b6
17.a5 c5
18.Ba7xb6 Rd8f8
19.a6 f5
20.a7 fxe4
21.a8Q 1-0

[Event "Memorial Lara CIII"]
[Site "www.echecsemail.com"]
[Date "2026.01.13"]
[Round "1"]
[White "Leredoutable"]
[Black "Emmanuel"]
[WhiteElo "1760"]
[BlackElo "1940"]
[Result "0-1"]
1.e4 d5
2.exd5 Ng8f6
3.c4 e6
4.Nb1c3 exd5
5.d4 Bc8g4
6.Ng1f3 Nb8c6
7.Bc1g5 Bf8e7
8.Bf1e2 Nf6e4
9.O-O Ne4xc3
10.bxc3 Bg4xf3
11.Bg5xe7 Bf3xe2
12.Be7xd8 Be2xd1
13.Ra1xd1 Ra8xd8
14.c5 O-O
15.f4 Nc6a5
16.f5 Na5c4
17.Rf1f3 Rf8e8
18.g4 Re8e3
19.Rf3xe3 Nc4xe3
20.Rd1d2 Ne3xg4
21.Kg2 Rd8e8
22.Kg3 h5
23.a4 Re8e3
24.Kh4 g6
25.h3 Ng4f6
26.Rd2c2 Nf6e4
27.c4 g5
28.Kxh5 Re3g3
29.h4 Kh7
30.cxd5 Ne4f6
0-1

[Event "Défi"]
[Site "www.echecsemail.com"]
[Date "2026.01.13"]
[Round "1"]
[White "Roger72"]
[Black "Jmr"]
[WhiteElo "1280"]
[BlackElo "1510"]
[Result "1/2-1/2"]
1.e4 e5
2.Bf1c4 Ng8f6
3.d3 h6
4.Ng1f3 d6
5.Nb1c3 Bf8e7
6.Bc1e3 O-O
7.O-O Rf8e8
8.Qd1d2 a6
9.a3 Be7f8
10.b4 b5
11.Bc4b3 Bc8b7
12.Nc3e2 c5
13.bxc5 dxc5
14.Rf1d1 Qd8c7
15.Ne2g3 Nf6g4
16.Ng3h5 Ng4xe3
17.Qd2xe3 Nb8d7
18.Nf3h4 c4
19.dxc4 bxc4
20.Bb3a4 Re8d8
21.c3 Bb7c6
22.Ba4c2 Bf8e7
23.Nh4f5 Be7g5
24.Qe3g3 Nd7f6
25.Nh5xf6 Bg5xf6
26.Nf5xh6 Kf8
27.Nh6f5 Bc6d7
28.Qg3h3 Bd7xf5
29.Qh3xf5 Qc7e7
30.Bc2a4 g6
31.Qf5h3 { nul }1/2-1/2

[Event "Coupe Niveau 3"]
[Site "www.echecsemail.com"]
[Date "2026.01.13"]
[Round "1"]
[White "Verson"]
[Black "Nbelnico"]
[WhiteElo "1840"]
[BlackElo "1710"]
[Result "0-1"]
1.d4 d5
2.Ng1f3 Bc8f5
3.e3 a6
4.c4 dxc4
5.Bf1xc4 e6
6.Nb1c3 Bf8b4
7.O-O h6
8.Bc1d2 Bb4d6
9.h3 Ng8f6
10.Qd1e2 O-O
11.e4 Bf5g6
12.e5 Bd6xe5
13.dxe5 Nf6d7
14.Ra1d1 c6
15.Bd2f4 a5
16.Rd1d2 a4
17.Rf1d1 b5
18.Bc4d3 Bg6xd3
19.Rd2xd3 Qd8b6
20.Rd3d6 Qb6b7
21.Qe2e4 Nd7c5
22.Qe4b4 Nb8a6
23.Bf4e3 Na6xb4
24.Be3xc5 Nb4d5
25.Nf3d4 b4
26.Nc3e4 Ra8c8
27.Rd1c1 a3
28.b3 Rf8e8
29.Nd4e2 Qb7b5
{ abandon }0-1

[Event "Défi"]
[Site "www.echecsemail.com"]
[Date "2026.01.13"]
[Round "1"]
[White "Petain"]
[Black "Daingni"]
[WhiteElo "1730"]
[BlackElo "1590"]
[Result "0-1"]
1.e4 e5
2.Ng1f3 d6
3.h3 Bc8e6
4.a3 Nb8c6
5.b3 f5
6.Nb1c3 fxe4
7.Nc3xe4 Ng8f6
8.Ne4xf6 gxf6
9.d3 Qd8e7
10.Bf1e2 O-O-O
11.Bc1e3 Kb8
12.O-O Rh8g8
13.b4 Be6xh3
14.Nf3h4 f5
15.g3 Bh3xf1
16.Nh4xf5 Bf1xe2
17.Qd1xe2 Qe7f6
18.Nf5h4 Qf6xh4
19.Kg2 Qh4g4
20.Qe2d2 h5
21.Ra1h1 h4
22.Rh1h3 Bf8e7
23.b5 Nc6d4
24.Be3xd4 exd4
25.Qd2e1 Rd8e8
26.f3 Qg4g7
27.g4 Be7f6
28.Qe1d2 Qg7e7
29.Kf1 Qe7e3
30.Qd2d1 Re8e6
31.Rh3h2 Rg8e8
32.Kg2 Bf6e5
33.Rh2h3 Be5g3
34.Rh3h1 Qe3e2
35.Kh3 Qe2xd1
36.Rh1xd1 Re6e2
37.g5 Re8g8
38.Kg4 Re2e5
39.Kh3 Rg8xg5
40.Rd1f1 Re5e2
41.Rf1h1 Re2h2
42.Rh1xh2 Bg3xh2
43.Kxh2 Kc8
44.Kh3 Kd7
45.Kxh4 Rg5g8
46.Kh3 Ke6
47.Kh4 Kf5
48.Kh3 Kf4
49.Kh4 Kxf3
50.Kh5 Ke2
51.Kh6 Kd2
52.Kh7 Rg8g1
53.Kh6 Kxc2
54.Kh5 Kxd3
55.Kh4 Kc2
56.Kh3 d3
57.Kh2 Rg1g8
58.Kh3 d2
59.Kh4 d1Q
60.Kh3 Qd1h1
0-1

[Event "Défi"]
[Site "www.echecsemail.com"]
[Date "2026.01.13"]
[Round "1"]
[White "Lancov"]
[Black "Tiounet"]
[WhiteElo "1930"]
[BlackElo "1670"]
[Result "1-0"]
1.e4 a6
2.d4 b5
3.c4 bxc4
4.Bf1xc4 e6
5.Ng1f3 Bc8b7
6.Nb1c3 g6
7.Bc1e3 Bf8g7
8.O-O Ng8e7
9.Qd1d2 O-O
10.Be3h6 d5
11.exd5 Ne7xd5
12.Bh6xg7 Kxg7
13.Nc3e2 Nb8d7
14.Ne2g3 Nd7f6
15.Qd2g5 Nd5e7
16.Nf3e5 Qd8xd4
17.Bc4e2 Ne7f5
18.Ne5f3 Qd4b6
19.Nf3h4 Nf5xg3
20.Qg5xg3 Nf6e4
21.Qg3e5 Kg8
22.Ra1d1 Bb7d5
23.b3 Qb6d6
24.Qe5b2 Qd6c5
25.Rd1c1 Qc5b4
26.Rc1xc7 a5
27.Nh4f3 a4
28.Be2c4 axb3
29.axb3 Bd5xc4
30.Rc7xc4 Qb4d6
31.Rc4xe4 Rf8b8
32.Re4d4 Qd6b6
33.b4 Ra8a4
34.Rf1d1 Ra4xb4
35.Rd4d8 Rb8xd8
36.Rd1xd8 Qb6xd8
37.Qb2xb4 Qd8d1
38.Qb4e1 Qd1d5
39.h3 h5
40.Qe1e5 Qd5xe5
41.Nf3xe5 f6
42.Ne5xg6 Kg7
43.Ng6f4 { abandon }1-0

[Event "Memorial Lara CIII"]
[Site "www.echecsemail.com"]
[Date "2026.01.13"]
[Round "1"]
[White "Rvsinovitch"]
[Black "Alain64"]
[WhiteElo "2030"]
[BlackElo "2120"]
[Result "1-0"]
1.e4 c5
2.Ng1f3 Nb8c6
3.Bf1b5 d6
4.d4 cxd4
5.Nf3xd4 Bc8d7
6.O-O Ng8f6
7.Nb1c3 a6
8.Nd4xc6 bxc6
9.Bb5d3 g6
10.Bc1g5 Bf8g7
11.Qd1d2 O-O
12.Bg5h6 e5
13.h4 Nf6g4
14.Bh6g5 Qd8b6
15.Ra1b1 h6
16.Bg5e7 Rf8e8
17.Be7xd6 f5
18.Bd6a3 Ra8d8
19.Nc3a4 Qb6a7
20.Ba3c5 Qa7b7
21.Na4b6 Bg7f8
22.Nb6xd7 Qb7xd7
23.Bc5xf8 Re8xf8
24.f3 Qd7a7
25.Kh1 fxe4
26.fxe4 Ng4f2
27.Rf1xf2 Rf8xf2
28.Bd3c4 Kg7
29.Qd2xd8 Rf2xc2
30.Qd8g8 { abandon }1-0

[Event "Tournoi n27322"]
[Site "www.echecsemail.com"]
[Date "2026.01.13"]
[Round "1"]
[White "Kichmat"]
[Black "Alain64"]
[WhiteElo "2010"]
[BlackElo "2130"]
[Result "1-0"]
1.e4 c5
2.Ng1f3 Nb8c6
3.Bf1e2 d6
4.O-O Ng8f6
5.Nb1c3 g6
6.d4 cxd4
7.Nf3xd4 Bf8g7
8.Nd4xc6 bxc6
9.Be2d3 O-O
10.h3 Qd8c7
11.Bc1f4 e5
12.Bf4e3 Bc8e6
13.Qd1d2 d5
14.exd5 cxd5
15.Be3h6 e4
16.Bh6xg7 Kxg7
17.Bd3e2 Ra8d8
18.Nc3b5 Qc7b6
19.b3 d4
20.a4 a6
21.Nb5a3 e3
22.Qd2d3 a5
23.Na3c4 Qb6c7
24.Qd3d1 Nf6e4
25.f3 Ne4f2
26.Rf1xf2 exf2
27.Kxf2 h5
28.Qd1d2 Rf8e8
29.Qd2xa5 Qc7h2
30.Qa5e5 Qh2xe5
31.Nc4xe5 Be6xb3
32.Ne5c6 Rd8d6
33.Nc6xd4 Rd6xd4
34.cxb3 Rd4d2
35.Ra1e1 Rd2b2
36.Kf1 Rb2xb3
37.Be2b5 Re8xe1
38.Kxe1 h4
39.Kf2 Kf6
40.Bb5c4 Rb3a3
41.Bc4b5 Ke5
42.Bb5e8 g5
43.Be8xf7 Ra3xa4
44.g3 Ra4a2
45.Bf7xa2 hxg3
46.Kxg3 { abandon }1-0

[Event "Eq:Avalon-La Diagonale du Fou :"]
[Site "www.echecsemail.com"]
[Date "2026.01.13"]
[Round "1"]
[White "Gimick"]
[Black "Pourquoipas"]
[WhiteElo "1530"]
[BlackElo "1630"]
[Result "1-0"]
1.e4 e5
2.d4 f6
3.dxe5 fxe5
4.Qd1h5 Ke7
5.Qh5xe5 Kf7
6.Bf1c4 d5
7.Bc4xd5 Qd8xd5
8.Qe5xd5 Bc8e6
9.Qd5xb7 { abandon }1-0

[Event "Défi"]
[Site "www.echecsemail.com"]
[Date "2026.01.13"]
[Round "1"]
[White "Arno"]
[Black "Tinenfant"]
[WhiteElo "1800"]
[BlackElo "1870"]
[Result "1-0"]
1.d4 d5
2.Bc1f4 Ng8f6
3.Ng1f3 e6
4.e3 Bf8e7
5.Bf1d3 O-O
6.Nb1d2 c5
7.c3 Nb8c6
8.O-O h6
9.Ra1c1 Bc8d7
10.Bd3b1 Qd8b6
11.Qd1c2 Ra8c8
12.Bf4e5 g6
13.Nf3h4 Bd7e8
14.g3 cxd4
15.exd4 Nf6g4
16.Nd2f3 Ng4xe5
17.dxe5 Kg7
18.Nh4g2 Qb6c7
19.Rf1e1 Qc7d8
20.h4 h5
21.Ng2f4 Rf8h8
22.Rc1d1 Nc6b4
23.Qc2e2 Nb4c6
24.c4 Qd8c7
25.Rd1c1 dxc4
26.Nf3d2 b5
27.Nd2f3 Qc7b6
28.Rc1d1 Be7c5
29.Nf4h3 Rc8c7
30.Bb1e4 Be8d7
31.Be4xc6 Bd7xc6
32.Nf3g5 Rh8c8
33.Ng5e4 Bc6xe4
34.Qe2xe4 a5
35.Qe4f4 b4
36.Qf4f6 Kh7
37.Nh3g5 Kg8
38.Ng5e4 Bc5e7
39.Qf6f4 c3
40.bxc3 bxc3
41.Ne4f6 Kg7
42.Qf4g5 c2
43.Rd1c1 Qb6b2
44.Nf6xh5 Kh8
45.Qg5h6 { abandon }1-0

[Event "Défi"]
[Site "www.echecsemail.com"]
[Date "2026.01.13"]
[Round "1"]
[White "Arno"]
[Black "Berjay"]
[WhiteElo "1780"]
[BlackElo "1700"]
[Result "0-1"]
1.d4 d5
2.Ng1f3 Bc8f5
3.e3 Ng8f6
4.c4 e6
5.Qd1b3 Nb8c6
6.Qb3xb7 Nc6a5
7.Qb7b5 c6
8.Qb5a4 Na5xc4
9.Bf1xc4 dxc4
10.Qa4xc6 Nf6d7
11.Nf3e5 Bf8b4
12.Bc1d2 Bb4xd2
13.Nb1xd2 Ra8c8
14.Qc6xd7 Qd8xd7
15.Ne5xd7 Kxd7
16.Ra1c1 Bf5d3
17.f3 Ke7
18.Kf2 f5
19.Rh1e1 g5
20.Rc1c3 h5
21.Re1c1 h4
22.Nd2xc4 Bd3xc4
23.Rc3xc4 Rc8b8
24.b3 a5
25.Rc4a4 Rb8a8
26.Rc1c5 Rh8g8
27.Rc5xa5 Ra8c8
28.Ra4c4 g4
29.Ra5a7 Kf6
30.a4 Rc8b8
31.b4 g3
32.Kg1 Rg8g6
33.h3 Rb8d8
34.b5 Rg6g8
35.b6 Rd8b8
36.a5 Rg8d8
37.Rc4c7 Rd8d5
38.b7 Rd5b5
39.a6 Rb5b1
{ abandon }0-1

[Event "Tournoi n27390"]
[Site "www.echecsemail.com"]
[Date "2026.01.13"]
[Round "1"]
[White "Tiounet"]
[Black "Tartu"]
[WhiteElo "1620"]
[BlackElo "1720"]
[Result "0-1"]
1.a3 d5
2.b4 a5
3.b5 c6
4.bxc6 Nb8xc6
5.Bc1b2 e5
6.Ng1f3 Bf8d6
7.g3 Ng8f6
8.Bf1g2 O-O
9.O-O Rf8e8
10.d3 Bc8e6
11.Nb1d2 h6
12.e3 b5
13.Nd2b3 a4
14.Nb3d2 Qd8c7
15.Ra1c1 Ra8c8
16.c4 dxc4
17.dxc4 bxc4
18.Nd2xc4 Re8d8
19.Nc4xe5 Bd6xe5
20.Qd1xa4 Be5xb2
21.Rc1xc6 Qc7xc6
22.Qa4xc6 Rc8xc6
{ abandon }0-1

[Event "Tournoi n27361"]
[Site "www.echecsemail.com"]
[Date "2026.01.13"]
[Round "1"]
[White "Nogean"]
[Black "Wenoketo"]
[WhiteElo "1650"]
[BlackElo "1630"]
[Result "1-0"]
1.e4 c6
2.Ng1f3 e6
3.Bf1e2 d5
4.e5 Nb8d7
5.d4 c5
6.c3 c4
7.O-O Ng8e7
8.Nb1a3 a6
9.Na3c2 Ne7c6
10.b4 b5
11.a4 Bc8b7
12.a5 Nc6e7
13.Nc2e3 Ne7g6
14.Ne3g4 Bf8e7
15.Bc1d2 O-O
16.Qd1c1 Ng6h4
17.Nf3xh4 Be7xh4
18.Be2f3 Rf8e8
19.Bd2h6 g6
20.g3 Bh4e7
21.Bh6d2 Be7f8
22.Bd2g5 Qd8c8
23.Ng4h6 Bf8xh6
24.Bg5xh6 Nd7xe5
25.dxe5 { abandon }1-0

[Event "Défi"]
[Site "www.echecsemail.com"]
[Date "2026.01.13"]
[Round "1"]
[White "Lancov"]
[Black "Payne42"]
[WhiteElo "1930"]
[BlackElo "1760"]
[Result "1-0"]
1.e4 g6
2.d4 Bf8g7
3.Nb1c3 Ng8f6
4.f3 d6
5.Ng1e2 a6
6.Bc1e3 b5
7.Qd1d2 O-O
8.O-O-O Nb8c6
9.g4 Ra8b8
10.h4 b4
11.Nc3d5 a5
12.Nd5xf6 Bg7xf6
13.h5 e5
14.d5 Nc6e7
15.hxg6 Ne7xg6
16.Ne2g3 Ng6h4
17.Bf1e2 Nh4g2
18.Be3h6 Ng2f4
19.Bh6xf8 Nf4xe2
20.Qd2xe2 Qd8xf8
21.Qe2h2 Qf8g7
22.Rd1g1 Bf6g5
23.Kd1 Bg5f4
24.Qh2h3 Bc8d7
25.Ng3f5 Qg7h8
26.Qh3h4 f6
27.Qh4h5 Bd7e8
28.Qh5h4 Bf4g5
29.Qh4h3 Rb8b7
30.Qh3f1 Be8b5
31.Qf1h3 c5
32.Nf5xd6 Rb7b8
33.Qh3h5 Qh8g7
34.Nd6xb5 Rb8d8
35.Rg1g3 h6
36.Rg3g1 Kf8
37.Qh5h2 Qg7b7
38.Qh2e2 Ke7
39.c4 bxc3
40.Nb5xc3 Rd8b8
41.b3 Qb7b4
42.Kc2 Qb4a3
43.Rg1d1 Qa3b4
44.d6 Kd7
45.Nc3d5 Qb4a3
46.Nd5c3 Qa3b4
47.Qe2a6 Bg5e3
48.Nc3d5 Be3g5
49.Nd5xb4 { abandon }1-0

[Event "Eq:La Diagonale du Fou-modesty :"]
[Site "www.echecsemail.com"]
[Date "2026.01.13"]
[Round "1"]
[White "Breitenbach"]
[Black "Tahar"]
[WhiteElo "2240"]
[BlackElo "1990"]
[Result "1-0"]
1.e4 d6
2.f4 Ng8f6
3.Nb1c3 g6
4.Bf1e2 Bf8g7
5.g4 e5
6.g5 Nf6d7
7.d3 exf4
8.Bc1xf4 Bg7xc3
9.bxc3 b6
10.h4 Bc8b7
11.h5 Qd8e7
12.Qd1d2 Nb8c6
13.hxg6 fxg6
14.Ng1f3 O-O-O
15.Nf3d4 Nc6xd4
16.cxd4 Rd8f8
17.Be2g4 Kb8
18.Bf4e3 d5
19.e5 Nd7xe5
20.Bg4e2 Ne5c6
21.Kd1 Qe7b4
22.Qd2xb4 Nc6xb4
23.Kd2 Nb4c6
24.Ra1f1 Nc6e7
25.Rf1xf8 Rh8xf8
26.Rh1xh7 Rf8e8
27.Be3f4 Bb7c8
28.Be2d1 Bc8d7
29.Bd1f3 Kc8
30.c4 a5
31.cxd5 b5
32.Bf3e4 Kd8
33.d6 cxd6
34.Bf4xd6 Bd7f5
35.Bd6xe7 Re8xe7
36.Rh7xe7 Kxe7
37.Be4xf5 { abandon }1-0

[Event "Défi( 10J+24H/c 10J Max )"]
[Site "www.echecsemail.com"]
[Date "2026.01.13"]
[Round "1"]
[White "Marathonman"]
[Black "Titit1"]
[WhiteElo "2050"]
[BlackElo "1340"]
[Result "1-0"]
1.e4 c6
2.d4 Qd8c7
3.Ng1f3 e5
4.dxe5 Bf8c5
5.Nb1c3 Ng8e7
6.Bc1f4 O-O
7.a3 Ne7g6
8.Bf4g3 Rf8e8
9.Bf1c4 b5
10.Bc4a2 h6
11.e6 dxe6
12.Bg3xc7 Nb8d7
13.O-O Nd7b6
14.Bc7xb6 Bc5xb6
15.b4 Bc8b7
16.a4 Ra8d8
17.Qd1c1 Re8e7
18.axb5 cxb5
19.Nc3xb5 Re7d7
20.c3 Rd7d3
21.Ba2c4 Rd3d7
22.Nb5d4 Bb7xe4
23.Rf1e1 Be4d5
24.Bc4xd5 Rd7xd5
25.Nd4c6 Rd8c8
26.Nc6e5 Ng6e7
27.c4 Rd5d8
28.c5 Bb6c7
29.Ra1xa7 Ne7d5
30.b5 Bc7b6
31.Ra7xf7 Rc8xc5
32.Qc1a3 Rc5c3
33.Qa3b2 Rd8c8
34.Rf7b7 Bb6d8
35.Ne5c6 Bd8f6
36.Qb2a2 Rc8f8
37.g3 Rf8e8
38.Nf3d4 Bf6xd4
39.Nc6xd4 Rc3d3
40.Re1xe6 Re8f8
41.Qa2xd5 Rd3d2
42.Re6e8 Kh7
43.Re8xf8 Rd2d1
44.Kg2 Kg6
45.Qd5f5 1-0